000 00843cab a2200241 4500
001 ##L134441
008 060807n2006 000 0 eng u
035 _a(Sirsi) u134441
041 0 _aeng
100 1 _aGoldie, Anna
245 0 0 _aLondon boroughs south and south Thames riverside boroughs
_bregional
260 _c2006
490 0 _aProperty Week
_v71(31) 4 August 2006, 71-79(5)
520 _aLooks at mixed-use development that anticipates the social agenda of local councils, focusing on Stockwell and the area around Bermondsey's antiques market.
590 _aIKA220806
651 4 _aLONDON BOROUGHS SOUTH
651 4 _aSOUTH THAMES RIVERSIDE BOROUGHS
651 4 _aSTOCKWELL
651 4 _aBERMONDSEY
690 _aPROPERTY-COMMERCIAL PROPERTY-COMMERCIAL PROPERTY DEVELOPMENT
700 1 _aNicou, Nicholas
942 _n0
999 _c77527
_d77527